| 000 | 01361nam a2200253Ia 4500 | ||
|---|---|---|---|
| 003 | Ost | ||
| 005 | 20260507075312.0 | ||
| 008 | 260507s9999||||xx |||||||||||||| ||und|| | ||
| 020 | _a9789957331504 | ||
| 040 | _cfsecg | ||
| 041 | _aara | ||
| 082 | _a658.8 | ||
| 100 |
_aالطائي، يوسف حجيم سلطان _eمؤلف |
||
| 245 | 0 |
_aالتسويق الالكتروني / _c يوسف حجيم سلطان الطائي |
|
| 260 |
_aعمان: _bمؤسسة الوراق للنشر والتوزيع, _c2009 |
||
| 300 |
_a436 صفحة؛ _bإيضاحات ؛ _c25 سم |
||
| 504 | _aقائمة الجداول ص.13؛قائمة الاشكال ص.15 | ||
| 520 | _aالتسويق التقليدي ، تكنولوجيا المعلومات و الاتصالات الانترنيت ، المدخل في دراسة التسويق الالكتروني، الأسواق الالكترونية و الأعمال الالكترونية، أبعاد التسويق الالكتروني و أساسياته، التسويق الالكتروني من الأعمال إلى الأعمال و من الاعمال الى الزبون | ||
| 653 | _aالتسويق | ||
| 653 | _aالتسويق الالكتروني | ||
| 653 | _aتكنولوجيا المعلومات | ||
| 700 |
_a دباس العبادي، هاشم فوزي _eمؤلف ثانوي |
||
| 942 | _cكتاب | ||
| 999 |
_c43874 _d43874 |
||